Kraje które nigdy nie wygrały eurowizji - Statystyki

Ogólne statystyki
  • Ten quiz został rozwiązany 355 razy
  • Średni wynik to 5 z 14
Answers on the Grid
Answers color-coded by a green-red scale on the quiz's grid according to % correct below.
Polska
Rumunia
Serbia
Bułgaria
Luksemburg
Monako
San Marino
Belgia
Australia
Islandia
Cypr
Irlandia
Szwecja
Finlandia
Ukraina
Białoruś
Mołdawia
Rosja
Czarnogóra
Albania
Grecja
Izrael
Węgry
Austria
Turcja
Holandia
Litwa
Łotwa
Estonia
Gruzja
 
Statystyki odpowiedzi
Odpowiedź % Poprawnych
Polska
93%
Rumunia
51%
San Marino
43%
Bułgaria
35%
Białoruś
34%
Australia
33%
Cypr
33%
Czarnogóra
33%
Islandia
33%
Albania
30%
Gruzja
30%
Mołdawia
30%
Litwa
29%
Węgry
29%
Nie znaleziono quizów pasujących do podanych kryteriów
Rozkład punktacji
Procent ludzi z każdym wynikiem
Percentyl według liczby udzielonych odpowiedzi
Twoja historia wyników
Nie rozwiązałeś tego quizu